| 000 | 01521nam0a2200337 i 4500 | ||
|---|---|---|---|
| 001 | RU\NLR\BIBL_A\010830328 | ||
| 005 | 20260405152614.0 | ||
| 010 |
_a9785446400546 _9500 |
||
| 021 |
_aRU _b2015-57023 _93375 |
||
| 035 | _a(NILC)RuMoRGB-007987805 | ||
| 035 | _a(NLR Aleph) 010830328 | ||
| 090 |
_a10285269 _c10285269 |
||
| 100 | _a20150908d2015 u y0rusy50 ca | ||
| 101 | 0 | _arus | |
| 102 | _aRU | ||
| 105 | _ay|||j|||000yy | ||
| 200 | 1 |
_aПраво социального обеспечения _eучебник _fК.В. Алексеев, А.С. Кротик, Ю.Е. Попов |
|
| 210 |
_aРязань _cКонцепция _d2015 |
||
| 215 |
_a377, [1] с. _d21 |
||
| 320 | _aБиблиогр.: с. 377-378 | ||
| 606 | 1 |
_aСоциальное обеспечение _jУчебники для высших учебных заведений _xПравовые вопросы _yРоссийская Федерация _92078048 _3RU\NLR\AUTH\661253850 |
|
| 675 | _a364 | ||
| 686 | 1 | _aХ621.159я73 | |
| 700 | 1 |
_aАлексеев _bК. В. _cканд. филол. наук, юрист _gКирилл Васильевич _9148958 _3RU\NLR\AUTH\770148994 |
|
| 701 | 1 |
_aКротик _bА. С. _gАлександр Семенович |
|
| 701 | 1 |
_8rus _7ca _aПопов _bЮ. Е. _cканд. мед. наук, юрист _f1952- _gЮрий Евгеньевич _3RU\NLR\AUTH\7763690 _946619 |
|
| 801 | 0 |
_aRU _bРГБ _c20150730 _gRCR |
|
| 942 | _cBOOK | ||
| 980 | _aNBR | ||